000 00384pab a2200145 454500
008 180718b1989 xxu||||| |||| 00| 0 eng d
100 _aJoseph, K.J.
245 _aGrowth performance of Indian electronics under liberalisation
260 _c1989
300 _a1915-20
362 _a19 Aug.
650 _aIndustry - India
773 _aEconomic and Political Weekly
909 _a10886
999 _c10886
_d10886